[Event "FRA Top 16 Lower Pool U16"]
[Site "France"]
[Date "2022.06.05"]
[Round "3.5"]
[White "Spinosi, Aurelien"]
[Black "Kouam, Noe"]
[Result "1/2-1/2"]
[WhiteElo "1720"]
[BlackElo "1549"]
[PlyCount "144"]
[EventDate "2022.06.04"]
[EventType "tourn"]
[EventRounds "4"]
[EventCountry "FRA"]
[SourceTitle "EXT 2023"]
[Source "ChessBase"]
[SourceDate "2022.10.05"]
[SourceVersion "1"]
[SourceVersionDate "2022.10.05"]
[SourceQuality "1"]

1. e4 e6 2. d4 d5 3. Nd2 dxe4 4. Nxe4 Bd7 5. Nf3 Bc6 6. Bd3 Be7 7. c3 Nf6 8. Qc2 Nbd7 9. 0-0 Bxe4 10. Bxe4 Nxe4 11. Qxe4 c6 12. Bf4 Nf6 13. Qe2 0-0 14. Rfe1 Qb6 15. Ne5 Rad8 16. h3 c5 17. Be3 cxd4 18. Bxd4 Bc5 19. Bxc5 Qxc5 20. Rad1 Qc7 21. Rxd8 Rxd8 22. Rd1 Kf8 23. Rxd8+ Qxd8 24. Qd3 Qxd3 25. Nxd3 Ke7 26. Kf1 Kd6 27. Ke2 e5 28. f3 g6 29. Nf2 Kd5 30. Ke3 Nd7 31. b3 f5 32. c4+ Kd6 33. g3 a5 34. Nd3 Nc5 35. Nc1 b6 36. Ne2 Na6 37. Nc3 Nc7 38. a3 Kc5 39. Na4+ Kc6 40. Nc3 Ne6 41. b4 Nd4 42. bxa5 bxa5 43. f4 Nc2+ 44. Kd3 Nd4 45. fxe5 Nf3 46. Ke3 Nxe5 47. Kd4 Nf3+ 48. Ke3 Ng5 49. h4 Ne6 50. Na4 h6 51. Kd3 Nc5+ 52. Nxc5 Kxc5 53. Kc3 g5 54. h5 a4 55. Kd3 f4 56. gxf4 gxf4 57. Ke4 Kxc4 58. Kxf4 Kb3 59. Kf5 Kxa3 60. Kg6 Kb4 61. Kxh6 a3 62. Kh7 a2 63. h6 a1Q 64. Kg8 Qa8+ 65. Kg7 Qb7+ 66. Kg8 Qc8+ 67. Kg7 Qd7+ 68. Kg8 Qg4+ 69. Kh8 Qd4+ 70. Kg8 Qd5+ 71. Kf8 Qf5+ 72. Kg7 Qg5+ 1/2-1/2